000 00594nam a2200181Ia 4500
008 210423s2008 xx 000 0 und d
020 _a761935029
041 _aeng
082 _a005.55 GAUA
100 _aGAUR (Ajai S);GAUR (Sanjaya S)
245 _aStatistical methods for practice and research:a guide to data analysis using SPSS
260 _aNew Delhi
_bSage Publications
_c2008
300 _a163
_bPB
365 _b295
_cINR
650 _aSocial Groups
650 _aSocial Sciences
906 _aanalysis ; data ; guide ; methods ; practice ; research:a ; SPSS ; Statistical ; using
999 _c156302
_d156302